| 000 | 01173nam a22003617a 4500 | ||
|---|---|---|---|
| 003 | CHAP | ||
| 005 | 20220329143456.0 | ||
| 008 | 091207s2009 mx r 00010 spa d | ||
| 010 | _a97203 | ||
| 011 | _a98175 | ||
| 020 | _a9788476589113 | ||
| 035 | _a108858 | ||
| 040 | _cCHAP | ||
| 082 | 0 | 4 |
_a195 _bZ1 |
| 100 | 0 | 0 |
_aZabala, Santiago. _9123371 |
| 245 | 1 | 0 |
_aDebilitando la filosofia : _bensayos en honor a Gianni Vattimo _c/por Santiago Zabala |
| 260 |
_aMéxico D.F. : _bAnthropos : _bUAM. Cuajimalpa _c2009 |
||
| 300 | _a510 p. | ||
| 534 |
_pTít. original : _tWeakening philosophy, essays in honour of Gianni Vattimo |
||
| 590 |
_aBATCH-UPD _b10 _c20130110 _lUCH01 _h0931 |
||
| 590 |
_aBATCH-UPD _b10 _c20130410 _lUCH01 _h0550 |
||
| 590 |
_aBATCH-UPD _b10 _c20130914 _lUCH01 _h1407 |
||
| 590 |
_aCONVERSION _b10 _c20130109 _lUCH01 _h1354 |
||
| 650 | 1 | 4 |
_aFilosofía. _940890 |
| 650 | 1 | 4 |
_aHermenéutica. _953747 |
| 650 | 1 | 4 |
_aPensamiento. _986728 |
| 650 | 1 | 4 |
_aReligión _xFilosofía. _995835 |
| 650 | 1 | 4 |
_aTeología. _9112296 |
| 901 | _aBK | ||
| 911 | _aen proceso | ||
| 942 | _cLIBRO | ||
| 949 |
_a195 Z1 _bBC _cLIBRO _d33724002108371 _eLIBRO _gI.c/e _h111518 _i108858 _si |
||
| 999 |
_c97203 _d97203 |
||